[Event "SLO-chT2 West"]
[Site "Komenda"]
[Date "2022.11.20"]
[Round "3.4"]
[White "Bobnar, Samo"]
[Black "Vodnik, Val"]
[Result "1-0"]
[WhiteElo "1760"]
[BlackElo "1341"]
[PlyCount "59"]
[EventDate "2022.11.19"]
[EventType "team-tourn"]
[EventRounds "7"]
[EventCountry "SLO"]
[SourceTitle "EXT 2024"]
[Source "ChessBase"]
[SourceDate "2023.10.10"]
[SourceVersion "1"]
[SourceVersionDate "2023.10.10"]
[SourceQuality "1"]
[WhiteTeam "Kranj Tomo Zupan II"]
[BlackTeam "Vrhnika II"]
[WhiteTeamCountry "SLO"]
[BlackTeamCountry "SLO"]

1. e4 e5 2. Nc3 Nc6 3. Bc4 Bc5 4. Qg4 g6 5. Qf3 Qf6 6. Nd5 Qxf3 7. Nxf3 Bb6 8. Ng5 Nh6 9. Nf6+ Kf8 10. d3 Kg7 11. Nd5 f6 12. Nf3 Nf7 13. h4 h5 14. c3 d6 15. a4 a5 16. Nxb6 cxb6 17. Be3 Nfd8 18. Bxb6 Ne6 19. d4 exd4 20. cxd4 Nb4 21. 0-0 Kf7 22. Rac1 Ke7 23. e5 d5 24. exf6+ Kxf6 25. Bb5 Rf8 26. Ne5 Rg8 27. Rc3 Kg7 28. Rg3 Kh6 29. Rc1 Nf4 30. Rc7 1-0

[Event "SLO-chT Central 23rd"]
[Site "Slovenia"]
[Date "2022.11.03"]
[Round "7.2"]
[White "Bobnar, Samo"]
[Black "Skok, Boris"]
[Result "1/2-1/2"]
[WhiteElo "1760"]
[BlackElo "1897"]
[PlyCount "51"]
[EventDate "2022.09.15"]
[EventType "team-swiss"]
[EventRounds "9"]
[EventCountry "SLO"]
[SourceTitle "EXT 2024"]
[Source "ChessBase"]
[SourceDate "2023.10.10"]
[SourceVersion "1"]
[SourceVersionDate "2023.10.10"]
[SourceQuality "1"]
[WhiteTeam "Kranj Tomo Zupan"]
[BlackTeam "Crni Graben"]
[WhiteTeamCountry "SLO"]
[BlackTeamCountry "SLO"]

1. e4 c5 2. Nc3 e6 3. f4 d5 4. Nf3 Nc6 5. d3 Nf6 6. e5 d4 7. Ne4 Nxe4 8. dxe4 Be7 9. Be2 0-0 10. 0-0 b6 11. Qe1 Nb4 12. Bd1 Ba6 13. Rf2 d3 14. c3 Nc2 15. Bxc2 dxc2 16. Rxc2 Bd3 17. Rd2 c4 18. Rd1 Qc7 19. Kh1 Qb7 20. Rxd3 cxd3 21. f5 Qd7 22. f6 gxf6 23. Bh6 Kh8 24. Bxf8 Rxf8 25. exf6 Bxf6 26. Rd1 1/2-1/2

[Event "EU-ch Amateur Online Final 1700/2000"]
[Site "Tornelo INT"]
[Date "2021.04.25"]
[Round "5"]
[White "Bobnar, Samo"]
[Black "Makris, Spyridon Dionysios"]
[Result "1-0"]
[WhiteElo "1505"]
[BlackElo "1935"]
[PlyCount "80"]
[EventDate "2021.04.25"]
[EventType "swiss (rapid)"]
[EventRounds "9"]
[EventCountry "NET"]
[SourceTitle "EXT 2023"]
[Source "ChessBase"]
[SourceDate "2022.10.05"]
[SourceVersion "1"]
[SourceVersionDate "2022.10.05"]
[SourceQuality "1"]

1. e4 e5 2. Nf3 Nc6 3. Bc4 Nf6 4. d3 Be7 5. c3 0-0 6. 0-0 d5 7. exd5 Nxd5 8. Re1 Nb6 9. Bb3 Bg4 10. h3 Bh5 11. Nbd2 Kh8 12. Qe2 f5 13. Nf1 Bf6 14. Ng3 Bg6 15. a4 a5 16. Be6 f4 17. Ne4 Nd7 18. Nxf6 gxf6 19. Nh4 Qe7 20. Nxg6+ hxg6 21. Qg4 Nc5 22. Bc4 Qh7 23. g3 f5 24. Qf3 Qxh3 25. d4 fxg3 26. fxg3 e4 27. Qf4 Nd7 28. Re2 Kg7 29. Rh2 Rh8 30. Rxh3 Rxh3 31. Qxc7 Rd8 32. Kg2 Rh7 33. Bf4 Kf8 34. Rh1 Rxh1 35. Kxh1 Ke8 36. Qd6 Ne7 37. Qe6 Nf8 38. Qf7+ Kd7 39. Bb5+ Kc8 40. Qxe7 Nd7 1-0

[Event "EU-ch Amateur Online 1700/2000"]
[Site "Tornelo INT"]
[Date "2021.04.24"]
[Round "4"]
[White "Bobnar, Samo"]
[Black "Litras, Iosif"]
[Result "1/2-1/2"]
[WhiteElo "1505"]
[BlackElo "1920"]
[PlyCount "136"]
[EventDate "2021.04.24"]
[EventType "swiss (rapid)"]
[EventRounds "8"]
[EventCountry "NET"]
[SourceTitle "EXT 2023"]
[Source "ChessBase"]
[SourceDate "2022.10.05"]
[SourceVersion "1"]
[SourceVersionDate "2022.10.05"]
[SourceQuality "1"]

1. e4 c5 2. Nc3 Nc6 3. f4 e6 4. Nf3 g6 5. d3 Bg7 6. g3 Nh6 7. Bg2 d6 8. h3 Rb8 9. a4 b6 10. 0-0 Bb7 11. Ne2 0-0 12. c3 Ba6 13. g4 f6 14. Ng3 Qd7 15. Re1 Rbe8 16. d4 cxd4 17. cxd4 Nb4 18. Ra3 Rc8 19. Rc3 Rxc3 20. bxc3 Nd3 21. Re3 Nxc1 22. Qxc1 Qxa4 23. Bf1 Bxf1 24. Kxf1 Rc8 25. f5 gxf5 26. exf5 e5 27. dxe5 dxe5 28. Ne4 Nf7 29. h4 Rd8 30. Kg2 Nh6 31. Kg3 b5 32. Qb1 a5 33. Rd3 Rc8 34. Rd5 b4 35. cxb4 axb4 36. Qd3 Nf7 37. Rd7 Qc6 38. Rxf7 Kxf7 39. Nd6+ Ke7 40. Nxc8+ Qxc8 41. g5 Qc7 42. Kg4 Qd6 43. Qb3 e4 44. gxf6+ Bxf6 45. Ng5 Bxg5 46. hxg5 e3 47. f6+ Kf8 48. Qxe3 Qd7+ 49. Kh4 Qd6 50. Qf3 Kf7 51. Qb3+ Kf8 52. Kg4 Qd7+ 53. Kg3 Qd6+ 54. Kg2 Qc6+ 55. Kf2 Qc5+ 56. Ke2 Qe5+ 57. Kd1 Qxg5 58. Qxb4+ Kg8 59. Qb8+ Kf7 60. Qc7+ Kxf6 61. Qd8+ Kg6 62. Qxg5+ Kxg5 63. Ke1 Kg4 64. Kf1 Kg3 65. Kg1 h5 66. Kh1 h4 67. Kg1 h3 68. Kh1 h2 1/2-1/2

[Event "EU-ch Amateur Online 1700/2000"]
[Site "Tornelo INT"]
[Date "2021.04.24"]
[Round "3"]
[White "Gavriil, Odysseas Panagiotis"]
[Black "Bobnar, Samo"]
[Result "1-0"]
[WhiteElo "1861"]
[BlackElo "1505"]
[PlyCount "143"]
[EventDate "2021.04.24"]
[EventType "swiss (rapid)"]
[EventRounds "8"]
[EventCountry "NET"]
[SourceTitle "EXT 2023"]
[Source "ChessBase"]
[SourceDate "2022.10.05"]
[SourceVersion "1"]
[SourceVersionDate "2022.10.05"]
[SourceQuality "1"]

1. Nf3 Nf6 2. g3 g6 3. Bg2 Bg7 4. 0-0 0-0 5. d4 d5 6. c3 c6 7. Bf4 Bf5 8. Nbd2 Nbd7 9. Nh4 e6 10. Nxf5 exf5 11. Nf3 Re8 12. Ne5 Nxe5 13. Bxe5 Nd7 14. Bxg7 Kxg7 15. Qd3 Nf6 16. f3 Qe7 17. Kf2 Rad8 18. Rfe1 Rd6 19. e3 Re6 20. Re2 h6 21. Rae1 b5 22. b3 a5 23. c4 bxc4 24. bxc4 h5 25. c5 h4 26. Qc3 g5 27. Qxa5 hxg3+ 28. hxg3 f4 29. gxf4 gxf4 30. Qd2 Nh5 31. exf4 Qh4+ 32. Kg1 Nxf4 33. Rxe6 fxe6 34. Qe3 Kf7 35. Rb1 Rh8 36. Rb7+ Kg6 37. Qf2 Qg5 38. Kf1 Rh2 39. Rb2 Kf6 40. Qg1 Rh8 41. Qe3 Rg8 42. a4 Nxg2 43. Qxg5+ Rxg5 44. Rxg2 Rf5 45. a5 Rh5 46. a6 Rh8 47. a7 Ra8 48. Rb2 Rxa7 49. Rb6 Rc7 50. Kf2 Kf5 51. Ke3 e5 52. dxe5 Kxe5 53. f4+ Kf5 54. Rb8 Re7+ 55. Kf3 Re6 56. Rd8 Re4 57. Rf8+ Kg6 58. f5+ Kg7 59. Rc8 Re5 60. Kg4 Re4+ 61. Kg5 d4 62. Rxc6 d3 63. Rd6 Re3 64. f6+ Kf8 65. c6 d2 66. c7 Rg3+ 67. Kf5 Rc3 68. Rxd2 Rxc7 69. Kg6 Rc8 70. Rh2 Kg8 71. f7+ Kf8 72. Rh8+ 1-0

[Event "Oskarja Memorial 10th"]
[Site "Chess.com INT"]
[Date "2021.01.16"]
[Round "4"]
[White "Bobnar, Samo"]
[Black "Dzudov, Janko"]
[Result "0-1"]
[WhiteElo "1397"]
[BlackElo "1494"]
[PlyCount "74"]
[EventDate "2021.01.16"]
[EventType "swiss (blitz)"]
[EventRounds "15"]
[EventCountry "SLO"]
[SourceTitle "CBM 200 Extra"]
[Source "ChessBase"]
[SourceDate "2021.03.31"]
[SourceVersion "1"]
[SourceVersionDate "2021.03.31"]
[SourceQuality "1"]

1. e4 h6 2. Bc4 e6 3. d4 d5 4. exd5 exd5 5. Qe2+ Be7 6. Bd3 Nf6 7. Nf3 0-0 8. 0-0 c5 9. c3 Nc6 10. Be3 c4 11. Bc2 a6 12. Nbd2 b5 13. Rfe1 Bd6 14. Rad1 Re8 15. Nf1 Bg4 16. h3 Bh5 17. N1h2 Qd7 18. Qf1 g5 19. g4 Bg6 20. Bxg6 fxg6 21. Qg2 Re4 22. Nd2 Re6 23. f3 Rae8 24. Bf2 Nd8 25. Rxe6 Nxe6 26. Bg3 Bxg3 27. Qxg3 Nf4 28. Kh1 Re2 29. Ndf1 Rxb2 30. h4 Rxa2 31. hxg5 hxg5 32. Ne3 Qe7 33. Nhf1 Ne4 34. fxe4 Qxe4+ 35. Ng2 Rxg2 36. Qe3 Rh2+ 37. Kxh2 Qg2# 0-1

[Event "Oskarja Memorial 10th"]
[Site "Chess.com INT"]
[Date "2021.01.16"]
[Round "11"]
[White "Bobnar, Samo"]
[Black "Novak, Simona"]
[Result "1-0"]
[WhiteElo "1397"]
[BlackElo "1615"]
[PlyCount "67"]
[EventDate "2021.01.16"]
[EventType "swiss (blitz)"]
[EventRounds "15"]
[EventCountry "SLO"]
[SourceTitle "CBM 200 Extra"]
[Source "ChessBase"]
[SourceDate "2021.03.31"]
[SourceVersion "1"]
[SourceVersionDate "2021.03.31"]
[SourceQuality "1"]

1. e4 c6 2. Nf3 d5 3. exd5 cxd5 4. d4 Bg4 5. Be2 Nc6 6. c3 Bxf3 7. Bxf3 e6 8. 0-0 Qc7 9. Re1 Nf6 10. Qb3 Be7 11. Bg5 0-0 12. Nd2 a6 13. h3 b5 14. Rac1 Na5 15. Qd1 Nc4 16. Nxc4 bxc4 17. Bg4 Nxg4 18. Qxg4 Bxg5 19. Qxg5 Qd8 20. Qe5 Rb8 21. Re2 Qa5 22. a3 Rb3 23. Rcc2 Rfb8 24. Qd6 Qb5 25. f3 h6 26. Kf2 Rb6 27. Qd8+ Kh7 28. Qe7 Rb7 29. Qd6 Qa5 30. f4 R3b6 31. Qe5 Rb5 32. f5 exf5 33. Qxf5+ Kg8 34. Re8# 1-0

[Event "Oskarja Memorial 10th"]
[Site "Chess.com INT"]
[Date "2021.01.16"]
[Round "15"]
[White "Bobnar, Samo"]
[Black "Orel Music, Simona"]
[Result "1-0"]
[WhiteElo "1397"]
[BlackElo "1799"]
[PlyCount "129"]
[EventDate "2021.01.16"]
[EventType "swiss (blitz)"]
[EventRounds "15"]
[EventCountry "SLO"]
[SourceTitle "CBM 200 Extra"]
[Source "ChessBase"]
[SourceDate "2021.03.31"]
[SourceVersion "1"]
[SourceVersionDate "2021.03.31"]
[SourceQuality "1"]

1. e4 c6 2. d4 d5 3. exd5 cxd5 4. Nf3 Nc6 5. c3 Nf6 6. Bd3 Bg4 7. 0-0 e6 8. h3 Bh5 9. Bf4 Bd6 10. Bxd6 Qxd6 11. Nbd2 0-0 12. Qc2 Bg6 13. Bxg6 hxg6 14. Rfe1 Rac8 15. Qd3 a6 16. Ne5 Qc7 17. Ndf3 Qb6 18. b3 Qc7 19. Rac1 Ne4 20. Nd2 Nxe5 21. dxe5 Nc5 22. Qg3 b5 23. c4 dxc4 24. bxc4 b4 25. Ne4 a5 26. Nd6 Rb8 27. Re3 Qc6 28. Qf3 Qxf3 29. Rxf3 Nd7 30. Re3 Rb6 31. f4 Rc6 32. Nb5 Nc5 33. Nd4 Rcc8 34. Nb3 Nb7 35. Rd3 a4 36. Nd2 Nc5 37. Rd6 b3 38. axb3 axb3 39. Rb6 Na4 40. Rxb3 Rfd8 41. Ne4 Nc5 42. Nxc5 Rxc5 43. Rbc3 Rd4 44. g3 Rd2 45. R1c2 Rd1+ 46. Kf2 Rd7 47. h4 Kf8 48. Ke3 Ke7 49. Rd3 Rdc7 50. Rd4 f6 51. exf6+ gxf6 52. Kd3 Ra5 53. Rc3 Ra1 54. Ke3 Re1+ 55. Kf2 Ra1 56. Rcd3 Ra4 57. Rc3 Ra2+ 58. Kf3 e5 59. fxe5 fxe5 60. Re4 Ke6 61. Rce3 Rc5 62. Rc3 Ra4 63. g4 Kf6 64. g5+ Kf5 65. Ke3 1-0

[Event "Oskarja Memorial 10th"]
[Site "Chess.com INT"]
[Date "2021.01.16"]
[Round "3"]
[White "Golubovic, Boris"]
[Black "Bobnar, Samo"]
[Result "1-0"]
[WhiteElo "2338"]
[BlackElo "1397"]
[PlyCount "91"]
[EventDate "2021.01.16"]
[EventType "swiss (blitz)"]
[EventRounds "15"]
[EventCountry "SLO"]
[SourceTitle "CBM 200 Extra"]
[Source "ChessBase"]
[SourceDate "2021.03.31"]
[SourceVersion "1"]
[SourceVersionDate "2021.03.31"]
[SourceQuality "1"]

1. e4 d5 2. exd5 Nf6 3. c4 e6 4. Nc3 exd5 5. cxd5 Nxd5 6. Nf3 Bg4 7. h3 Bh5 8. Bc4 Nxc3 9. bxc3 Bc5 10. d4 Qe7+ 11. Be3 Bd6 12. Qb3 b6 13. Qb5+ c6 14. Qxh5 Nd7 15. 0-0 0-0-0 16. a4 g6 17. Qh4 Qxh4 18. Nxh4 f5 19. Nf3 h6 20. Rfe1 g5 21. Be6 f4 22. Bc1 Kc7 23. Ba3 Bxa3 24. Rxa3 Nf6 25. Ra2 Rhe8 26. Rae2 Kd6 27. Bb3 Kc7 28. Rxe8 Rxe8 29. Rxe8 Nxe8 30. Kf1 Nd6 31. Ke2 Ne4 32. c4 Nc3+ 33. Kd3 Nb1 34. Kc2 Na3+ 35. Kb2 g4 36. hxg4 b5 37. Kxa3 Kb6 38. c5+ Ka5 39. d5 b4+ 40. Kb2 h5 41. d6 hxg4 42. d7 gxf3 43. d8Q+ Ka6 44. gxf3 Kb7 45. Qd7+ Ka8 46. Qc8# 1-0

[Event "Oskarja Memorial 10th"]
[Site "Chess.com INT"]
[Date "2021.01.16"]
[Round "8"]
[White "Hajna, Jurij"]
[Black "Bobnar, Samo"]
[Result "1-0"]
[WhiteElo "1963"]
[BlackElo "1397"]
[PlyCount "135"]
[EventDate "2021.01.16"]
[EventType "swiss (blitz)"]
[EventRounds "15"]
[EventCountry "SLO"]
[SourceTitle "CBM 200 Extra"]
[Source "ChessBase"]
[SourceDate "2021.03.31"]
[SourceVersion "1"]
[SourceVersionDate "2021.03.31"]
[SourceQuality "1"]

1. c4 e5 2. Nc3 Nc6 3. g3 f5 4. Bg2 d6 5. e3 g6 6. Nge2 Bg7 7. 0-0 Nf6 8. b3 0-0 9. Bb2 h6 10. Rc1 Be6 11. d4 e4 12. d5 Ne5 13. dxe6 Nd3 14. Rb1 Qe7 15. Ba1 Qxe6 16. Nc1 Ne5 17. Nd5 c6 18. Nc7 Qe7 19. Nxa8 Rxa8 20. Qd2 h5 21. Rd1 d5 22. cxd5 cxd5 23. h4 Bh6 24. Ne2 g5 25. Qc3 Re8 26. Qxe5 Qxe5 27. Bxe5 Rxe5 28. Rbc1 Ng4 29. Rc7 gxh4 30. gxh4 Nxe3 31. fxe3 Bxe3+ 32. Kh1 f4 33. Rxb7 f3 34. Ng3 fxg2+ 35. Kxg2 d4 36. Rf1 d3 37. Rff7 d2 38. Rfd7 Bc5 39. Rxd2 e3 40. Re2 Kf8 41. Nf1 Be7 42. Kg3 Re4 43. Nxe3 Bxh4+ 44. Kf3 Re6 45. Rc2 Rf6+ 46. Ke4 Re6+ 47. Kf4 Re7 48. Rxe7 Bxe7 49. Kf5 h4 50. Rh2 Bc5 51. Ng2 Kf7 52. Nxh4 Ke7 53. Nf3 Kd6 54. Ke4 Kc6 55. a4 Kb7 56. Rh6 Bb6 57. Nd4 Ka6 58. Kd5 Kb7 59. Kc4 Ka6 60. b4 Kb7 61. b5 Kc7 62. Nc6 Be3 63. Kd5 Bb6 64. Rh7+ Kc8 65. Kd6 Bd8 66. Rxa7 Bc7+ 67. Kd5 Bb8 68. Ra6 1-0

[Event "Oskarja Memorial 10th"]
[Site "Chess.com INT"]
[Date "2021.01.16"]
[Round "14"]
[White "Ribicic, Marko"]
[Black "Bobnar, Samo"]
[Result "0-1"]
[WhiteElo "1928"]
[BlackElo "1397"]
[PlyCount "70"]
[EventDate "2021.01.16"]
[EventType "swiss (blitz)"]
[EventRounds "15"]
[EventCountry "SLO"]
[SourceTitle "CBM 200 Extra"]
[Source "ChessBase"]
[SourceDate "2021.03.31"]
[SourceVersion "1"]
[SourceVersionDate "2021.03.31"]
[SourceQuality "1"]

1. e4 d5 2. exd5 Nf6 3. d4 Nxd5 4. c4 Nb6 5. Nc3 Bf5 6. Nf3 e6 7. Bd3 Bg6 8. 0-0 Nc6 9. Re1 Be7 10. d5 Bxd3 11. Qxd3 Nb4 12. Qe4 exd5 13. cxd5 Kf8 14. Bf4 N4xd5 15. Rad1 c6 16. a4 a5 17. Be3 Qc7 18. Bxb6 Nxb6 19. Nd4 g6 20. Nf3 Bf6 21. Qg4 Kg7 22. h4 Rhe8 23. h5 Rxe1+ 24. Rxe1 Rd8 25. Ng5 Bxg5 26. Qxg5 h6 27. Qg4 g5 28. Ne4 Qd7 29. Qf3 Nd5 30. Rd1 Qe6 31. Qd3 Nf4 32. Qxd8 Qxe4 33. f3 Qxa4 34. Qd4+ Qxd4+ 35. Rxd4 Ne2+ 0-1

[Event "Oskarja Memorial 10th"]
[Site "Chess.com INT"]
[Date "2021.01.16"]
[Round "5"]
[White "Zobenica, Cedomir"]
[Black "Bobnar, Samo"]
[Result "1-0"]
[WhiteElo "1430"]
[BlackElo "1397"]
[PlyCount "209"]
[EventDate "2021.01.16"]
[EventType "swiss (blitz)"]
[EventRounds "15"]
[EventCountry "SLO"]
[SourceTitle "CBM 200 Extra"]
[Source "ChessBase"]
[SourceDate "2021.03.31"]
[SourceVersion "1"]
[SourceVersionDate "2021.03.31"]
[SourceQuality "1"]

1. e4 d5 2. exd5 Nf6 3. Nc3 Nxd5 4. Nxd5 Qxd5 5. Nf3 Bg4 6. Be2 e5 7. d3 Bc5 8. 0-0 0-0 9. b3 Nc6 10. c4 Qd7 11. Bb2 f6 12. Rb1 Rad8 13. Nd2 Bxe2 14. Qxe2 Qxd3 15. Qxd3 Rxd3 16. Ne4 Bd4 17. Bxd4 Nxd4 18. Nc5 Rd2 19. a4 b6 20. Na6 c5 21. Nc7 Rd3 22. b4 Rb3 23. bxc5 bxc5 24. Rxb3 Nxb3 25. Rb1 Nd4 26. Rb7 Rc8 27. Rxa7 Rb8 28. Nb5 Nxb5 29. axb5 Rb6 30. Rc7 Rd6 31. g3 Kf8 32. Rxc5 Ke7 33. Kf1 Kd7 34. Ke2 Rd4 35. h4 Rd6 36. Ke3 g6 37. f3 h5 38. Ke4 Re6 39. g4 hxg4 40. fxg4 Rd6 41. Rd5 Kc7 42. h5 gxh5 43. gxh5 Re6 44. h6 Re7 45. c5 Rh7 46. b6+ Kc6 47. Rd6+ Kb7 48. Rxf6 Re7 49. Rf5 Rh7 50. Kxe5 Rxh6 51. Rf6 Rh5+ 52. Kd6 Rh7 53. Re6 Rh1 54. Kd7 Rd1+ 55. Rd6 Rc1 56. Rd5 Rc4 57. Kd6 Rc1 58. Rd4 Rc3 59. Kd5 Rc1 60. Rh4 Rd1+ 61. Kc4 Rc1+ 62. Kb5 Rb1+ 63. Rb4 Rc1 64. Ka5 Ra1+ 65. Ra4 Rb1 66. Rb4 Ra1+ 67. Kb5 Rc1 68. Rb3 Rc2 69. Kb4 Rc1 70. Rc3 Rb1+ 71. Ka3 Rb5 72. Ka4 Rb1 73. Rh3 Ra1+ 74. Kb3 Rb1+ 75. Kc2 Rb5 76. Rh5 Rb4 77. Kc3 Rb1 78. Rh7+ Kc6 79. Rc7+ Kd5 80. Rd7+ Kc6 81. Rc7+ Kd5 82. b7 Ke6 83. c6 Kd6 84. Rc8 Kc5 85. b8Q Rxb8 86. Rxb8 Kxc6 87. Rh8 Kd5 88. Rh4 Ke5 89. Kd3 Kf5 90. Ke3 Ke5 91. Rh5+ Kd6 92. Kd4 Ke6 93. Ke4 Kd6 94. Kd4 Kc6 95. Kc4 Kb6 96. Rg5 Kc6 97. Rg6+ Kd7 98. Kd5 Ke7 99. Ke5 Kf7 100. Ra6 Kg7 101. Kf5 Kh7 102. Kg5 Kh8 103. Ra7 Kg8 104. Kf6 Kf8 105. Ra8# 1-0

[Event "SLO-chT2 West"]
[Site "Komenda"]
[Date "2019.11.30"]
[Round "7.5"]
[White "Bobnar, Samo"]
[Black "Ravnik, Franc"]
[Result "1/2-1/2"]
[WhiteElo "1409"]
[BlackElo "1871"]
[PlyCount "60"]
[EventDate "2019.11.15"]
[EventType "team-tourn"]
[EventRounds "9"]
[EventCountry "SLO"]
[SourceTitle "EXT 2024"]
[Source "ChessBase"]
[SourceDate "2023.10.10"]
[SourceVersion "1"]
[SourceVersionDate "2023.10.10"]
[SourceQuality "1"]
[WhiteTeam "Prevodi Dvojka"]
[BlackTeam "Jesenice Acroni"]
[WhiteTeamCountry "SLO"]
[BlackTeamCountry "SLO"]

1. e4 e5 2. Nf3 d6 3. d4 exd4 4. Nxd4 Nf6 5. Nc3 Be7 6. Bc4 0-0 7. 0-0 c6 8. Re1 Re8 9. Bd3 Nbd7 10. Bf4 Nc5 11. Bc4 Bf8 12. Qf3 Ne6 13. Nf5 Nxf4 14. Qxf4 Bxf5 15. Qxf5 Re5 16. Qf3 Qb6 17. Bb3 Rae8 18. Re2 Qc7 19. Rae1 b5 20. a3 a5 21. Qd3 Nd7 22. Qf3 Nc5 23. Ba2 b4 24. Nb1 Ne6 25. c3 Ng5 26. Qd3 Ne6 27. Qf3 Ng5 28. Qd3 Ne6 29. Qf3 Ng5 30. Qd3 Ne6 1/2-1/2

[Event "SLO-chT2 West"]
[Site "Komenda"]
[Date "2019.11.17"]
[Round "4.4"]
[White "Bobnar, Samo"]
[Black "Leben, Dusan"]
[Result "0-1"]
[WhiteElo "1409"]
[BlackElo "1853"]
[PlyCount "118"]
[EventDate "2019.11.15"]
[EventType "team-tourn"]
[EventRounds "9"]
[EventCountry "SLO"]
[SourceTitle "EXT 2024"]
[Source "ChessBase"]
[SourceDate "2023.10.10"]
[SourceVersion "1"]
[SourceVersionDate "2023.10.10"]
[SourceQuality "1"]
[WhiteTeam "Prevodi Dvojka"]
[BlackTeam "Trzin"]
[WhiteTeamCountry "SLO"]
[BlackTeamCountry "SLO"]

1. e4 e5 2. Nf3 Nf6 3. Nc3 Nc6 4. Bb5 d6 5. d4 exd4 6. Nxd4 Bd7 7. Nxc6 Bxc6 8. Bxc6+ bxc6 9. 0-0 Be7 10. b3 0-0 11. Bb2 Nd7 12. a3 Bf6 13. Rb1 Re8 14. Re1 Nc5 15. Qg4 Qd7 16. Qxd7 Nxd7 17. Nd1 Re6 18. Bxf6 Nxf6 19. Nc3 Rae8 20. f3 d5 21. Rbd1 Kf8 22. Rd4 c5 23. Ra4 a6 24. Kf2 d4 25. Ne2 Nd7 26. Nf4 Rc6 27. Rd1 Ra8 28. Ra5 Rb8 29. Nd3 Rb5 30. Rxb5 axb5 31. Nf4 Rd6 32. Rb1 g5 33. Nd3 c4 34. bxc4 bxc4 35. Nb4 Rb6 36. Rd1 c5 37. Nd5 Rb2 38. Rd2 Ne5 39. Ke1 c3 40. Nxc3 dxc3 41. Rd5 f6 42. Rxc5 Rxc2 43. Rc8+ Kg7 44. Kd1 Rxg2 45. Rxc3 Rxh2 46. Ke1 Kg6 47. Kf1 h5 48. Kg1 Rd2 49. Kf1 Rd3 50. Rxd3 Nxd3 51. Ke2 Nc5 52. Kf2 Kf7 53. Kg3 Nd3 54. a4 Ke6 55. a5 Nc5 56. Kf2 h4 57. Kg1 Ke5 58. Kg2 Kf4 59. Kf2 Na6 0-1

[Event "SLO-chT U16"]
[Site "Murska Sobota"]
[Date "2018.05.13"]
[Round "4"]
[White "Matic, Sep"]
[Black "Bobnar, Samo"]
[Result "0-1"]
[WhiteElo "1740"]
[BlackElo "1304"]
[PlyCount "42"]
[EventDate "2018.05.11"]
[EventType "team-swiss"]
[EventRounds "5"]
[EventCountry "SLO"]
[SourceTitle "EXT 2020"]
[Source "ChessBase"]
[SourceDate "2019.10.17"]
[SourceVersion "1"]
[SourceVersionDate "2019.10.17"]
[SourceQuality "1"]

1. e4 e5 2. Nf3 Nc6 3. Bc4 Bc5 4. d3 d6 5. Ng5 Nh6 6. Qf3 Qf6 7. Qxf6 gxf6 8. Nf3 Ng4 9. Be3 Bxe3 10. fxe3 Nxe3 11. Nc3 Nxc2+ 12. Kd1 Nxa1 13. Nd5 Kd8 14. Nxf6 h6 15. Kd2 Be6 16. Bxe6 fxe6 17. Rxa1 h5 18. Ng5 Ke7 19. Rf1 Raf8 20. Ngh7 Rxh7 21. Nxh7 Rxf1 0-1